| 000 | 00731nam a2200193 i 4500 | ||
|---|---|---|---|
| 001 | 81818 | ||
| 003 | ES-MaACL | ||
| 005 | 20250407063106.0 | ||
| 007 | t| | ||
| 008 | 041108s1913 fr |||| | fre d | ||
| 100 | 1 |
_aIbáñez de Ibero, Carlos, _cMarqués de Mulhacén, _d1888-1966 _9151481 |
|
| 245 | 1 | 0 |
_aEtude sur l'enseignement primaire en Espagne / _cC. Ibáñez de Ibero. |
| 260 |
_aParis : _bLibrairie Gènèrale de Droit et de Jurisprudence, _c1913. |
||
| 300 |
_a32 p. ; _c24 cm. |
||
| 595 | _aExtrait du Bulletin de la Société de Législation comparée, julliet-août-septembre 1913. | ||
| 650 | 4 |
_aEnseñanza primaria- _zEspaña- _yS.XX. _9168652 |
|
| 852 |
_aES-MaACL _jT-1345-F-8 |
||
| 999 |
_c81818 _d81818 |
||